Fr. Conceicao Rodrigues College of Engineering

Cases in operation Management (Record no. 20161)

MARC details
000 -LEADER
fixed length control field 00323nam a2200145Ia 4500
082 ## - DEWEY DECIMAL CLASSIFICATION NUMBER
Classification number 658.403 4
Item number KRI
100 ## - MAIN ENTRY--PERSONAL NAME
Personal name Krishnaswamy/K.N
245 ## - TITLE STATEMENT
Title Cases in operation Management
260 ## - PUBLICATION, DISTRIBUTION, ETC.
Name of publisher, distributor, etc. Prentice -Hall of India
Date of publication, distribution, etc. 2008
366 ## - TRADE AVAILABILITY INFORMATION
Publishers's discount category 25
300 ## - PHYSICAL DESCRIPTION
Extent 391
546 ## - LANGUAGE NOTE
Language note ENGLISH
-- Info.Tech
942 ## - ADDED ENTRY ELEMENTS (KOHA)
Koha item type BOOK
Holdings
Withdrawn status Lost status Damaged status Not for loan Collection Home library Current library Date acquired Source of acquisition Cost, normal purchase price Inventory number Total Checkouts Full call number Barcode Date last seen Cost, replacement price Price effective from Koha item type
        CRC Fr. Agnel's C.Rodrigues College of Engineering Fr. Agnel's C.Rodrigues College of Engineering 17/03/2023 Allied Publishers 221.25 3536 dt 21/03/2012   658.403 4 KRI 21999 17/03/2023 295.00   BOOK